[Event "FSGM March"]
[Site "Budapest HUN"]
[Date "2009.03.09"]
[Round "3"]
[White "Duong The Anh"]
[Black "Varga,Zo"]
[Result "1/2-1/2"]
[WhiteElo "2418"]
[BlackElo "2488"]

1.d4 d6 2.e4 Nf6 3.Nc3 e5 4.dxe5 dxe5 5.Qxd8+ Kxd8 6.Bg5 Be6 7.O-O-O+ Kc8
8.f3 Nfd7 9.g3 f6 10.Be3 Bc5 11.Bxc5 Nxc5 12.Bh3 Re8 13.Bxe6+ Nxe6 14.Nge2 Nd7
15.Nd5 c6 16.Ne3 Kc7 17.h4 Rad8 18.c3 Ndf8 19.Kc2 Rxd1 20.Rxd1 Rd8 21.Rxd8 Kxd8
22.b4  1/2-1/2

[Event "10th EICC"]
[Site "Budva MNE"]
[Date "2009.03.09"]
[Round "4"]
[White "Deviatkin,A"]
[Black "Bocharov,D"]
[Result "0-1"]
[WhiteElo "2566"]
[BlackElo "2647"]

1.e4 d6 2.d4 Nf6 3.Nc3 e5 4.dxe5 dxe5 5.Qxd8+ Kxd8 6.Bc4 Ke8 7.a3 Bd6 8.Bg5 Nbd7
9.O-O-O a6 10.Nge2 Be7 11.Ng3 g6 12.h4 h6 13.Bd2 h5 14.Bg5 c6 15.Rhf1 Ng4
16.Bxe7 Kxe7 17.Kd2 Nc5 18.f3 Nf6 19.Nge2 b5 20.Ba2 a5 21.b4 Ncd7 22.Nc1 Nb6
23.Nd3 axb4 24.axb4 Be6 25.Bxe6 Kxe6 26.Ra1 Nfd7 27.Ke2 Nc4 28.Rfc1 Rhd8
29.Nd1 f5 30.Ne3 fxe4 31.fxe4 Nd6 32.Nf2 Nf6 33.Rd1 Nfxe4 34.Nxe4 Nxe4 35.Rxd8 Rxd8
36.Kf3 Nc3 37.Ra6 Rf8+ 38.Kg3 Kd6 39.Ra7 Rf6 40.Ra8 e4 41.Re8 Ne2+ 42.Kh2 Re6
43.Rd8+ Ke5 44.Rd2 Nc3 45.Kg3 Rf6 46.Rd8 Nd5 47.Nxd5 cxd5 48.c3 Rc6 49.Re8+ Kf5
50.Rf8+ Ke6 51.Rb8 Rxc3+ 52.Kf4 e3 53.Rb6+ Kd7 54.Rxb5 Kc6 55.Rb8 d4 56.b5+ Kc7
57.Re8 Rc2 58.Ke4 Rd2 59.Kd5 e2 60.Kc5 Kd7  0-1

[Event "10th EICC"]
[Site "Budva MNE"]
[Date "2009.03.09"]
[Round "4"]
[White "Grigoriants,S RUS"]
[Black "Rukavina,J"]
[Result "1-0"]
[WhiteElo "2565"]
[BlackElo "2417"]

1.e4 d6 2.d4 Nf6 3.Nc3 e5 4.Nf3 Nbd7 5.Bc4 Be7 6.O-O O-O 7.Re1 a6 8.a4 b6
9.Ne2 c6 10.Ng3 Bb7 11.Nf5 c5 12.dxe5 dxe5 13.Bg5 Re8 14.Bxf6 Nxf6 15.Nxe5 Qxd1
16.Raxd1 Kf8 17.Bxf7 Red8 18.f3  1-0

[Event "10th EICC"]
[Site "Budva MNE"]
[Date "2009.03.09"]
[Round "4"]
[White "Kojovic,D"]
[Black "Mikavica,M"]
[Result "0-1"]
[WhiteElo "2403"]
[BlackElo "2211"]

1.e4 d6 2.d4 Nf6 3.Nc3 Nbd7 4.Bg5 e5 5.h3 Be7 6.Nf3 c6 7.g3 O-O 8.Bg2 b5
9.a3 a6 10.O-O Qc7 11.Qe2 Re8 12.Rad1 Bb7 13.dxe5 dxe5 14.Nh4 g6 15.Nf3 a5
16.Ne1 b4 17.Nb1 Ba6 18.Nd3 Nc5 19.axb4 axb4 20.Qe3 Ne6 21.Bh4 Rad8 22.Rfe1 Nd4
23.Qc1 b3 24.cxb3 Bxd3 25.Rxd3 Ne2+ 26.Rxe2 Rxd3 27.Qc2 Rd7 28.Bf3 Kg7 29.Re3 Ng8
30.Bxe7 Nxe7 31.Rc3 Red8 32.Rc5 Rd4 33.Kg2 Qd6 34.Qc3 Qf6 35.Qc2 h5 36.Rc3 Qg5
37.h4 Qf6 38.Be2 Qd6 39.Rf3 Ng8 40.Bc4 Nh6 41.Qe2 Rd7 42.Qc2 Ng4 43.Be2 Nf6
44.Re3 Qc7 45.Bf3 Qb6 46.Qc3 Ne8 47.Na3 Nd6 48.Qc1 Nb5 49.Nc4 Qc5 50.Qb1 Nd6
51.Na3 Rd2 52.Be2 f5 53.exf5 Nxf5 54.Re4 Nd4 55.Bc4 Nc2 56.Re2 Rxe2 57.Bxe2 Nxa3
58.bxa3 Qxa3 59.Qe4 Qd6 60.Bc4 Qf6 61.Qe3 Rd4 62.Bd3 Qd6 63.Be4 c5 64.Qe2 Rd2
65.Qe3 Rd4 66.Qe2 Rb4 67.Qf3 Qe6 68.Bd5 Qe7 69.Qe3 Rd4 70.Be4 Rd8 71.Qe2 Qd6
72.Qe3 Qd4 73.Qe2 Rf8 74.Bc2 Rf6 75.Be4 Rf7 76.Bc2 Qd5+ 77.Kh2 Qf3 78.Qxe5+ Kh7
79.Be4 Qxf2+ 80.Bg2 Qf5 81.Qe1 Kg7 82.Qe3 Kh7 83.Qe8 Rd7 84.Qe3 Rf7 85.Qe8 Qd7
86.Qe5 Qc7 87.Qe6 Re7 88.Qf6 Re3 89.Qg5 Qe5 90.Qxe5 Rxe5 91.Bc6 g5 92.hxg5 Kg6
93.Kh3 Kxg5 94.Kg2 Re3 95.Bd5 Kg4  0-1

[Event "10th EICC w"]
[Site "St Petersburg RUS"]
[Date "2009.03.09"]
[Round "2"]
[White "Lomineishvili,M"]
[Black "Kharashuta,E"]
[Result "1-0"]
[WhiteElo "2437"]
[BlackElo "2304"]

1.d4 d6 2.e4 Nf6 3.Nc3 e5 4.Nf3 Nbd7 5.Bc4 Be7 6.O-O O-O 7.Re1 c6 8.a4 b6
9.Ba2 a6 10.Be3 Bb7 11.Nh4 exd4 12.Bxd4 g6 13.Nf3 Ng4 14.h3 Nge5 15.Nh2 Bg5
16.Ne2 c5 17.Bc3 Be7 18.f4 Nc6 19.Ng4 Nf6 20.Ng3 Nxg4 21.Qxg4 Bf6 22.e5 dxe5
23.fxe5 Bg7 24.e6 Bd4+ 25.Bxd4 Qxd4+ 26.Qxd4 Nxd4 27.exf7+ Kg7 28.Re7 Nxc2
29.Rc1 Nb4 30.Rxb7 Nxa2 31.Rf1 Nb4 32.Ne4 Nc2 33.Nf6 Ne3 34.Rf3 Nf5 35.Ne8+ Kh8
36.g4 Nd4 37.Rf2 Ne6 38.Nd6 Rab8 39.Re7 Ng5 40.Kg2 Rbd8 41.Rf6 Kg7 42.Ne8+ Kh8
43.Nc7 Rd2+ 44.Kf1 Rd1+ 45.Ke2 Rh1 46.Rxb6 Rxh3 47.Rxa6 Rh2+ 48.Kd3 Rxb2
49.a5 Rb4 50.Ra8 Kg7 51.a6 Ra4 52.a7 Rxa8 53.Nxa8 Kf8 54.Rb7 Ne6 55.Nb6 Ra3+
56.Kc4 Nd8 57.Rc7  1-0

[Event "10th EICC w"]
[Site "St Petersburg RUS"]
[Date "2009.03.10"]
[Round "3"]
[White "Komiagina,M"]
[Black "Khukhashvili,S"]
[Result "0-1"]
[WhiteElo "2283"]
[BlackElo "2416"]

1.e4 d6 2.d4 Nf6 3.Nc3 e5 4.Nf3 Nbd7 5.Bc4 Be7 6.O-O O-O 7.a4 c6 8.Ba2 a5
9.h3 h6 10.Re1 Re8 11.Nh4 exd4 12.Qxd4 Nc5 13.Ng6 Be6 14.Nxe7+ Qxe7 15.Bf4 Rad8
16.Bxe6 Nxe6 17.Qd2 Nxf4 18.Qxf4 Qc7 19.Re3 Re6 20.Rae1 Rde8 21.b3 Qb6 22.Qf5 d5
23.Rd3 Re5 24.Qf4 d4 25.Nb1 Rxe4 26.Rxe4 Rxe4 27.Qd2 c5 28.Na3 Qe6 29.Kf1 Nd5
30.Nc4 Nc3 31.Rxc3 dxc3 32.Qxc3 b6 33.Qd2 Qf6 34.Kg1 Re6 35.Ne3 Qa1+ 36.Kh2 Qd4
37.Qe2 g6 38.Qf3 Rf6 39.Qg3 h5 40.Kg1 Qd2 41.Kf1 Kg7 42.h4 Kh7 43.Kg1 Qe2
44.c4 Qe1+ 45.Nf1 Qe4 46.Ne3 Qb1+ 47.Kh2 Qxb3 48.Qe5 Rxf2 49.Nd5 Qf3  0-1

[Event "10th EICC w"]
[Site "St Petersburg RUS"]
[Date "2009.03.10"]
[Round "3"]
[White "Zykova,Ant"]
[Black "Kirillova,V"]
[Result "0-1"]
[WhiteElo "2103"]
[BlackElo "2246"]

1.e4 d6 2.d4 Nf6 3.Nc3 e5 4.Nge2 Be7 5.g3 O-O 6.Bg2 c6 7.a4 b6 8.O-O a6 9.h3 Bb7
10.Be3 b5 11.Qd2 Nbd7 12.f4 Nb6 13.b3 b4 14.Nd1 exd4 15.Qxd4 c5 16.Qd3 a5
17.Nf2 d5 18.e5 Nfd7 19.Ng4 h5 20.Nh2 Qc7 21.g4 hxg4 22.hxg4 d4 23.Bxb7 Qxb7
24.Bf2 Rfe8 25.g5 Qc6 26.Ng4 Qg6 27.Rad1 Nd5 28.Kg2 Qxd3 29.Rxd3 Bxg5 30.Kf3 Bd8
31.Rg1 Kf8 32.Rh1 f6 33.Ke4 Nc7 34.Kf5 Kf7 35.Rh7 fxe5 36.fxe5 Ra6 37.Rdh3 Nf8
38.Nh6+ Rxh6 39.R3xh6 Nxh7 40.Rxh7 Kg8 41.Rh2 Rf8+ 42.Ke4 g5 43.Bg3 Kg7 44.Nc1 Be7
45.Nd3 Kg6 46.Nf2 Rd8 47.Nd3 Nd5 48.Be1 Nc3+ 49.Bxc3 dxc3 50.Rf2 Rd4+ 51.Ke3 g4
52.Nf4+ Kf5 53.Ne2+ Kxe5 54.Nxd4 cxd4+ 55.Kd3 Bg5 56.Ke2 g3 57.Rf3 Bf4 58.Kf1 Ke4
59.Rd3 Be3 60.Kg2 Kf4 61.Rd1 Bd2 62.Rf1+ Ke4 63.Rf3 Be3 64.Rf8 d3 65.Re8+ Kf4
66.Rf8+ Kg4 67.Rg8+ Bg5 68.Re8 dxc2 69.Re4+ Kf5  0-1

[Event "10th EICC"]
[Site "Budva MNE"]
[Date "2009.03.11"]
[Round "6"]
[White "Kreisl,R"]
[Black "Mikavica,M"]
[Result "1-0"]
[WhiteElo "2394"]
[BlackElo "2211"]

1.e4 d6 2.d4 Nf6 3.Nc3 Nbd7 4.g4 Nb6 5.g5 Nfd7 6.h4 e5 7.Nf3 c6 8.Be3 Qc7
9.Be2 Be7 10.Qd2 Nf8 11.Rg1 Be6 12.d5 Bd7 13.O-O-O cxd5 14.Bxb6 Qxb6 15.Nxd5 Qd8
16.Nxe7 Qxe7 17.Qxd6 Qxd6 18.Rxd6 Ng6 19.Bc4 Ke7 20.Rd2 Be8 21.h5 Nf4 22.Nxe5 Nxh5
23.Rgd1 f6 24.Nf7 Rf8 25.gxf6+ Nxf6 26.Nd6 g6 27.Nxe8 Kxe8 28.f4 a6 29.Rd6 Rc8
30.Bb3 Rc7 31.e5 Ne4 32.Rd8+ Ke7 33.Rxf8 Kxf8 34.Rd8+ Kg7 35.Bd5 Ng3 36.Kd2 h5
37.e6 Re7 38.Ke3 Nf5+ 39.Ke4 h4 40.Ke5 h3 41.Bf3 a5 42.a4 b6 43.c3 Ne3 44.b3 Nf5
45.c4 Ng3 46.Kd6 Nf5+ 47.Ke5 Ng3 48.Rd7 Nf5 49.Be4 h2 50.Bc6 Kf8 51.Rd8+ Kg7
52.Rd7 Kf8 53.Kf6 Re8 54.Rh7 Kg8 55.Rxh2 Rf8+ 56.Ke5 Ne7 57.Bd5 Kg7 58.Kd6 Nf5+
59.Kd7 Rf6 60.Be4 Ng3 61.e7 Nxe4 62.e8=Q Nc5+ 63.Kc8 Rf8 64.Rh7+ Kxh7 65.Qxf8 Nxb3
66.f5 gxf5 67.Qxf5+ Kg7 68.Qg4+  1-0

[Event "10th EICC w"]
[Site "St Petersburg RUS"]
[Date "2009.03.11"]
[Round "4"]
[White "Zimina,O"]
[Black "Fominykh,M"]
[Result "0-1"]
[WhiteElo "2363"]
[BlackElo "2280"]

1.e4 d6 2.d4 Nf6 3.Nc3 e5 4.Nf3 Nbd7 5.g4 g6 6.Rg1 c6 7.Be3 Qa5 8.Qd2 exd4
9.Bxd4 Ne5 10.Qf4 Nfd7 11.Bc4 f6 12.Bb3 Bh6 13.Qg3 Nc5 14.Nxe5 dxe5 15.Bxc5 Qxc5
16.h4 Bf4 17.Qd3 Bd7 18.Ne2 O-O-O 19.Nxf4 exf4 20.Qf3 Qd6 21.Qe2 Rhe8 22.f3 f5
23.Qd3 Qc5 24.O-O-O fxe4 25.Qf1 Qe3+ 26.Kb1 Qxf3 27.Qxf3 exf3 28.Rdf1 Re3
29.c3 h5 30.gxh5 gxh5 31.Rf2 Bg4 32.Kc1 Re2 33.Rff1 f2 34.Rh1 Bh3 35.Rxf2 Rxf2
36.Rxh3 Re8 37.Rh1 Rfe2 38.Bd1 Re1 39.Rxe1 Rxe1 40.Kd2 Rxd1+ 41.Kxd1 Kd7
42.Ke2 Ke6 43.Kf3 Kf5 44.c4 c5 45.a3 a5  0-1

[Event "10th EICC"]
[Site "Budva MNE"]
[Date "2009.03.12"]
[Round "7"]
[White "Anisimov,P2"]
[Black "Gagunashvili,M"]
[Result "1/2-1/2"]
[WhiteElo "2488"]
[BlackElo "2585"]

1.e4 d6 2.d4 Nf6 3.Nc3 e5 4.Nf3 Nbd7 5.Bc4 Be7 6.O-O O-O 7.Re1 c6 8.a4 Qc7
9.Ba2 h6 10.Nh4 Re8 11.Nf5 Nf8 12.dxe5 dxe5 13.Qf3 Bxf5 14.exf5 Bb4  1/2-1/2

[Event "10th EICC w"]
[Site "St Petersburg RUS"]
[Date "2009.03.12"]
[Round "5"]
[White "Zizlova,S"]
[Black "Limontaite,S"]
[Result "1/2-1/2"]
[WhiteElo "2020"]
[BlackElo "2206"]

1.e4 d6 2.d4 Nf6 3.Nc3 c6 4.Nf3 Bg4 5.h3 Bh5 6.Be2 e6 7.Bf4 d5 8.exd5 cxd5
9.Ne5 Bxe2 10.Nxe2 Be7 11.O-O O-O 12.c3 Nc6 13.Nc1 Rc8 14.Ncd3 Na5 15.Re1 Nc4
16.Qe2 Ne8 17.Rad1 b5 18.a3 a5 19.Bg3 Ned6 20.Bf4 Ne4 21.Qg4 Nf6 22.Qe2 Qb6
23.Bg5 Qc7 24.Ng4 Nxg4 25.Qxg4 Bxg5 26.Qxg5 Qa7 27.Qg4 b4 28.axb4 axb4 29.Ra1 Qc7
30.cxb4 Qb6 31.Rad1 Nd6 32.h4 Nf5 33.Ne5 Qxb4 34.Re2 Rc7 35.h5 Rfc8 36.Qf4 Qa4
37.Ree1 Rc2 38.Ng4 h6 39.Ne3 Nxe3 40.fxe3 Rxb2 41.Rf1 Rf8 42.Rc1 Qa2 43.Qf3 Re2
44.Rc7 Qd2 45.Rxf7 Rxg2+ 46.Qxg2 Qxg2+ 47.Kxg2 Rxf7 48.Rh1 Rf5 49.Kg3 Kf7
50.Kg4 Kf6 51.e4 dxe4 52.Re1 Rg5+ 53.Kh4 g6 54.hxg6 Kxg6 55.Rxe4 Kf5 56.Re5+ Kf6
57.Re4 Rf5 58.Kg4 Ke7 59.Re3 h5+ 60.Kh4 Kd6 61.Re2 Kd5 62.Re1 Kd6 63.Re2 Rd5
64.Re1 Ke7 65.Re2 Kf6 66.Rf2+ Rf5 67.Re2 Rd5 68.Rf2+ Kg6 69.Rf4 Rf5 70.Re4 Kf6
71.Re2 Ke7 72.Re3 Kd6 73.Re1 Kd5 74.Re2 Rf4+ 75.Kxh5 Rxd4 76.Kg5 e5 77.Ra2 Rc4
78.Ra5+ Ke4 79.Kg4 Rc3 80.Ra4+ Kd5 81.Ra8 Kd4 82.Rd8+ Ke3 83.Kg3 Ke2+ 84.Kg2 e4
85.Ra8 Rc2 86.Ra1 e3 87.Ra7 Rd2 88.Ra1 Rc2 89.Ra7 Kd1+ 90.Kf3 e2 91.Ra1+ Kd2
92.Kf2 Rb2 93.Re1 Kd3 94.Ra1 Rc2 95.Ra3+ Kd2 96.Ra1 Rb2 97.Re1 Kd3 98.Ra1 Rc2
99.Ra3+ Kd2 100.Ra1  1/2-1/2

[Event "10th EICC w"]
[Site "St Petersburg RUS"]
[Date "2009.03.12"]
[Round "5"]
[White "Lezhepekova,V"]
[Black "Kirillova,V"]
[Result "1/2-1/2"]
[WhiteElo "1917"]
[BlackElo "2246"]

1.e4 d6 2.d4 Nf6 3.Nc3 e5 4.dxe5 dxe5 5.Qxd8+ Kxd8 6.Bc4 Be6 7.Bxe6 fxe6
8.Be3 Bd6 9.O-O-O Ke7 10.f3 a6 11.Nge2 Nc6 12.Rd2 h6 13.h4 Nh5 14.Kb1 Raf8
15.Nc1 Na5 16.b3 Bb4 17.Kb2 Bd6 18.Rhd1 Nf4 19.Nd3 g5 20.hxg5 hxg5 21.g3 Nxd3+
22.Rxd3 Kf6 23.Na4 Kg6 24.Bc5 b5 25.Bxd6 cxd6 26.Nb6 Nb7 27.Rc3 Rh3 28.Nd7 Rf7
29.Rc7 Nc5 30.Rxd6 Nxd7 31.Rcxd7 Rxd7 32.Rxd7 Rxg3 33.Rd3 Kf6 34.Kc3 a5 35.a4 b4+
36.Kd2 Rg2+ 37.Kd1 g4 38.fxg4 Rxg4 39.Re3 Kg5 40.Kd2 Kf4 41.Kd3 Rg1 42.Re2 Rd1+
43.Kc4 Kf3 44.Rh2 Kxe4 45.Rh4+ Kf5 46.Rh5+ Kf4 47.Rh6 Kf5 48.Rh5+ Kf6 49.Rh6+ Ke7
50.Rh3 Kd6 51.Re3 Rd2 52.Kb5 Rxc2 53.Kxa5 Rc3 54.Re4 Kd5 55.Kxb4 Rd3 56.Re2 e4
57.a5 e3 58.a6 Ke4 59.Ra2 Rd2 60.Rxd2 exd2 61.a7 d1=Q 62.a8=Q+ Ke3 63.Qg2 Qd4+
64.Ka3 e5 65.Qg3+ Kd2 66.Qg2+ Kc1 67.Qf1+ Qd1 68.Qc4+ Qc2 69.Qf1+ Kd2 70.Qf2+ Kd3
71.Qf1+ Kd4 72.Qg1+ Kd5 73.Qg8+ Kd4 74.Qg1+ Kd5  1/2-1/2

[Event "10th EICC w"]
[Site "St Petersburg RUS"]
[Date "2009.03.13"]
[Round "6"]
[White "Aginian,N"]
[Black "Lomako,A"]
[Result "1-0"]
[WhiteElo "2335"]
[BlackElo "2277"]

1.e4 d6 2.d4 Nf6 3.Nc3 e5 4.Nf3 Nbd7 5.Bc4 Be7 6.O-O O-O 7.a4 c6 8.Ba2 exd4
9.Nxd4 Ne5 10.Bf4 Qa5 11.Rb1 Qb4 12.f3 Re8 13.Kh1 Bd7 14.Qd2 Rad8 15.Qf2 Bc8
16.Bd2 Qb6 17.Be3 Qb4 18.Bd2 Qb6 19.b4 d5 20.a5 Qa6 21.exd5 Nxd5 22.Nxd5 cxd5
23.Rfe1 Nc4 24.Bc3 Qh6 25.g3 Bd7 26.Rbd1 Bd6 27.f4 Bg4 28.Rxe8+ Rxe8 29.Re1 Rxe1+
30.Qxe1 Kf8 31.Bb3 Qh5 32.Kg2 Bh3+ 33.Kg1 Bd7 34.Qf1 g5 35.Bxc4 dxc4 36.f5 Qg4
37.Qxc4 Bc6 38.Ne6+  1-0

[Event "10th EICC w"]
[Site "St Petersburg RUS"]
[Date "2009.03.13"]
[Round "6"]
[White "Makka,I"]
[Black "Stjazhkina,O"]
[Result "1/2-1/2"]
[WhiteElo "2203"]
[BlackElo "2280"]

1.e4 d6 2.d4 Nf6 3.Nc3 e5 4.Nf3 Nbd7 5.Bc4 Be7 6.O-O O-O 7.Re1 c6 8.a4 a5
9.h3 Qc7 10.Ba2 Rb8 11.Qe2 b6 12.Qc4 Qb7 13.d5 cxd5 14.Nxd5 Nxd5 15.Qxd5 Nc5
16.Bc4 Qc7 17.Qd1 Nxa4 18.Rxa4 b5 19.Bxb5 Rxb5 20.b3 f5 21.Bg5 Bxg5 22.Nxg5 h6
23.Nf3 fxe4 24.Rexe4 Bf5 25.Rec4 Qe7 26.Qe2 Bd7 27.Rc7 Qd8 28.Qc4+ d5 29.Qc3 d4
30.Qc4+ Kh8 31.Ra1 Rxf3 32.Rxd7 Qxd7 33.gxf3 Rb8 34.Rxa5 Qf5 35.Qc7 Rc8 36.Qxe5 Qxc2
37.Qxd4 Qxb3 38.Ra7 Rg8 39.Kg2 Qe6 40.Rd7 Qg6+ 41.Kh2 Rf8 42.Rd8 Rxd8 43.Qxd8+ Kh7
44.Qd4 Qa6 45.Qe4+ Kh8 46.f4 Qf1 47.Qd4 Qb1 48.Qc5 Qe4 49.Qe5 Qc2 50.Qe8+ Kh7
51.Kg2 Qf5 52.Qe3 Qg6+ 53.Kh2 Qc2 54.Kg2 Qg6+ 55.Kf3 Qh5+ 56.Ke4 Qe8+ 57.Kd3 Qb5+
58.Kd2 Kh8 59.Ke1 Qb1+ 60.Ke2 Qb5+ 61.Kd2 Qb2+ 62.Kd3 Qb5+  1/2-1/2

[Event "10th EICC"]
[Site "Budva MNE"]
[Date "2009.03.14"]
[Round "8"]
[White "Motylev,A"]
[Black "Yemelin,V"]
[Result "1-0"]
[WhiteElo "2676"]
[BlackElo "2578"]

1.e4 d6 2.d4 Nf6 3.Nc3 e5 4.Nf3 Nbd7 5.Bc4 Be7 6.O-O O-O 7.a4 c6 8.Re1 a5
9.h3 exd4 10.Nxd4 Nc5 11.Bf4 Be6 12.Nxe6 fxe6 13.e5 Nd5 14.Bxd5 Rxf4 15.exd6 Bxd6
16.Bxe6+ Kh8 17.Qe2 Qb6 18.Rad1 Bc7 19.Bc4 Qxb2 20.Rd4 h6 21.Rxf4 Bxf4 22.Qh5  1-0

[Event "10th EICC"]
[Site "Budva MNE"]
[Date "2009.03.14"]
[Round "8"]
[White "Swiercz,D"]
[Black "Kunin,V"]
[Result "0-1"]
[WhiteElo "2472"]
[BlackElo "2546"]

1.e4 d6 2.d4 Nf6 3.Nc3 e5 4.Nf3 Nbd7 5.g4 h6 6.g5 hxg5 7.Nxg5 exd4 8.Qxd4 Ne5
9.f4 Nh7 10.Be2 Nxg5 11.fxg5 Be6 12.h4 Be7 13.Qg1 c6 14.Bf4 Ng6 15.Bg3 Qa5
16.a3 d5 17.exd5 Bxd5 18.Rh2 Bc5 19.Bf2 Bb4 20.Bd4 Bd6 21.h5 O-O-O 22.O-O-O Bxh2
23.Qxh2 Be6 24.Ne4 Qf5 25.Nd6+ Rxd6 26.Qxd6 Qxg5+ 27.Kb1 Rd8 28.Qb4 Nf4 29.Be3 Nxe2
30.Bxg5 Rxd1+  0-1

[Event "TCh-FIN"]
[Site "Finland FIN"]
[Date "2009.03.14"]
[Round "8"]
[White "Laitinen,Mi"]
[Black "Parkkinen,J"]
[Result "1-0"]
[WhiteElo "1969"]
[BlackElo "2242"]

1.e4 d6 2.d4 Nf6 3.Nc3 Nbd7 4.g4 h6 5.h3 e5 6.Nge2 Be7 7.Bg2 c6 8.O-O Qc7
9.Ng3 g6 10.Be3 b6 11.Qe2 a5 12.Qd2 h5 13.g5 Nh7 14.h4 O-O 15.f4 exf4 16.Bxf4 Ba6
17.Rf2 f6 18.Nf5 Rae8 19.Bh3 fxg5 20.Nxe7+ Rxe7 21.hxg5 Kg7 22.Bf1 Bxf1 23.Raxf1 Ref7
24.Qe3 Qd8 25.e5 Rxf4 26.Rxf4 Qxg5+ 27.Kh1 dxe5 28.dxe5 Nxe5 29.Ne4 Rxf4
30.Nxg5 Rxf1+ 31.Kg2 Rf5 32.Ne6+ Kf7 33.Nd8+ Kg7 34.Qxb6 Ng5 35.Qc7+ Kh6
36.Qxa5 h4 37.Qe1 h3+ 38.Kh1 Ngf3 39.Qg3 Rg5 40.Nf7+ Nxf7 41.Qxf3 Ne5 42.Qc3 Rh5
43.Qe3+ Rg5 44.a4 h2 45.a5 Nc4 46.Qd4 Ne5 47.Qh4+ Rh5 48.Qf4+ Kg7 49.a6 Rf5
50.Qxf5  1-0

[Event "10th EICC w"]
[Site "St Petersburg RUS"]
[Date "2009.03.14"]
[Round "7"]
[White "Bodnaruk,A"]
[Black "Khukhashvili,S"]
[Result "1-0"]
[WhiteElo "2384"]
[BlackElo "2416"]

1.e4 d6 2.d4 Nf6 3.Nc3 e5 4.Nge2 Be7 5.h3 c6 6.a4 Qa5 7.Bd2 Qc7 8.Be3 O-O
9.g3 b5 10.axb5 cxb5 11.Bg2 b4 12.Nd5 Nxd5 13.exd5 Bf6 14.O-O Ba6 15.Re1 Bxe2
16.Rxe2 Re8 17.dxe5 Rxe5 18.Bd4 Rxe2 19.Qxe2 Nd7 20.Bxf6 Nxf6 21.Ra6 Re8
22.Qd2 Rb8 23.Rc6 Qe7 24.Qe3 Qxe3 25.fxe3 Ne8 26.Kf2 a5 27.Ke2 Ra8 28.Rb6 Rc8
29.Kd3 Rc5 30.c3 bxc3 31.bxc3 Kf8 32.Kd4 Ke7 33.e4 f6 34.Bf1 Nc7 35.Bc4 Kd7
36.Rb7 Kc8 37.Rb6 Kd7 38.Bb3 Ke7 39.c4 a4 40.Bxa4 Ra5 41.Rb7 Kd8 42.Rb8+ Ke7
43.Bc6 Ra1 44.Rg8 Rd1+ 45.Ke3 Kf7 46.Rd8 Na6 47.Rd7+ Kf8 48.Rxd6 Nc5 49.Rd8+ Ke7
50.Rc8 Rd3+ 51.Ke2 Rxg3 52.Bb5 Nb3 53.c5 Nxc5 54.Rxc5 Rxh3 55.Rc7+ Kd6 56.Rxg7 f5
57.exf5 Kxd5 58.Re7 Kd6 59.Re8 Rh5 60.Bd3 Kd7 61.Re3  1-0

[Event "10th EICC w"]
[Site "St Petersburg RUS"]
[Date "2009.03.14"]
[Round "7"]
[White "Hoang Thanh Trang"]
[Black "Mkrtchian,L"]
[Result "1-0"]
[WhiteElo "2483"]
[BlackElo "2460"]

1.d4 d6 2.e4 Nf6 3.Nc3 e5 4.Nf3 Nbd7 5.Bc4 Be7 6.O-O O-O 7.Re1 c6 8.a4 b6
9.Bg5 a6 10.Qe2 Qc7 11.d5 c5 12.Rab1 Qd8 13.Nd2 Ne8 14.Bxe7 Qxe7 15.b4 g6
16.Bd3 Ng7 17.bxc5 bxc5 18.Nc4 f5 19.f4 exf4 20.exf5 Qf6 21.Ne4 Qd4+ 22.Qf2 Nxf5
23.Nexd6 Nxd6 24.Nxd6 Nf6 25.Qxd4 cxd4 26.Rb4 Bd7 27.Rxd4 g5 28.a5 Rfb8 29.Ne4 Nxe4
30.Rdxe4 Bf5 31.Re5 Bxd3 32.cxd3 h6 33.Re6 Rb5 34.R1e5 Rc8 35.Rxh6 Rc2 36.Rxg5+ Kf7
37.Rb6 Rxa5 38.Rf5+ Kg7 39.h4 Ra1+ 40.Kh2 Raa2 41.Rg5+ Kh7 42.Rf6 Rf2 43.Rf7+ Kh6
44.Rf8 Kh7 45.d6  1-0

[Event "10th EICC w"]
[Site "St Petersburg RUS"]
[Date "2009.03.14"]
[Round "7"]
[White "Girya,O"]
[Black "Kirillova,V"]
[Result "1-0"]
[WhiteElo "2315"]
[BlackElo "2246"]

1.e4 d6 2.d4 Nf6 3.Nc3 e5 4.Nf3 Nbd7 5.Bc4 Be7 6.O-O O-O 7.Re1 c6 8.a4 b6
9.Ba2 a6 10.h3 Bb7 11.Nh4 Re8 12.Nf5 Bf8 13.dxe5 Nxe5 14.Bf4 Qc7 15.Re3 h6
16.g4 Kh7 17.g5 Ng8 18.Rg3 g6 19.Nxh6 Nxh6 20.gxh6 Bc8 21.Qd2 Be6 22.Bxe6 Rxe6
23.b3 Be7 24.Bg5 Bxg5 25.Qxg5 Qd8 26.Qe3 Nd7 27.Rd1 Qe7 28.Qf4 Rg8 29.Qg5 Qxg5
30.Rxg5 Kxh6 31.Rg3 Nc5 32.f3 Rd8 33.Rg2 Rf6 34.Kf2 Ne6 35.Kg3 Nf4 36.Rgd2 Nh5+
37.Kf2 Re6 38.Ne2 c5 39.a5 bxa5 40.Ra1 f5 41.exf5 gxf5 42.Rxa5 Ra8 43.h4 Kg6
44.c3 Kf6 45.b4 cxb4 46.cxb4 Rb8 47.Nd4 Re5 48.Nc6 Rxa5 49.Rxd6+ Kf7 50.bxa5 Rb5
51.Ke3 Nf6 52.Kf4 Nd5+ 53.Kg5 f4 54.Kg4 Rc5 55.Ne5+ Ke7 56.Rxa6 Nf6+ 57.Kxf4 Nh5+
58.Kf5 Ng3+ 59.Kg4  1-0

[Event "10th EICC w"]
[Site "St Petersburg RUS"]
[Date "2009.03.14"]
[Round "7"]
[White "Komiagina,M"]
[Black "Limontaite,S"]
[Result "0-1"]
[WhiteElo "2283"]
[BlackElo "2206"]

1.e4 d6 2.d4 Nf6 3.Nc3 c6 4.Be3 Qa5 5.Qd2 Nbd7 6.Be2 e5 7.f4 b5 8.fxe5 dxe5
9.dxe5 Nxe5 10.Bd4 b4 11.Nb5 Nfd7 12.Bxe5 Nxe5 13.Nd6+ Bxd6 14.Qxd6 Be6 15.Nf3 Nxf3+
16.Bxf3 Rc8 17.e5 Qb6 18.O-O-O h5 19.a3 a5 20.axb4 axb4 21.Rd4 b3 22.cxb3 Rh6
23.Rhd1 Bd5 24.Qa3 Qxb3 25.Qxb3 Bxb3 26.R1d3 c5 27.Rh4 c4 28.Rdd4 Rc5 29.Rd5 Rxd5
30.Bxd5 Ra6 31.Bf3 Ra1+ 32.Kd2 Rb1 33.Kc3 Rc1+ 34.Kb4 Rc2 35.Ka3 g6 36.Bd5 Rd2
37.Bxc4 Bxc4 38.Rxc4 Rxg2 39.b4 Rxh2 40.b5 Rh1 41.Ka2 Rd1 42.b6 Rd7 43.Kb3 Ke7
44.Ka4 Ke6 45.Rc5 h4 46.Ka5 g5 47.Ka6 h3 48.Rc7 Rd2 49.Rc6+ Kf5 50.Rf6+ Kxe5
51.Rxf7 g4 52.b7 Rb2 53.Rf2 Rb3 54.Rh2 Kf4 55.Rc2 Kf3 56.Rh2 Kg3 57.Rc2 Rxb7
58.Kxb7 h2 59.Rc3+ Kg2 60.Rc2+ Kh3  0-1

[Event "10th EICC"]
[Site "Budva MNE"]
[Date "2009.03.15"]
[Round "9"]
[White "Erdogdu,M"]
[Black "Vulevic,V"]
[Result "1-0"]
[WhiteElo "2460"]
[BlackElo "2325"]

1.e4 d6 2.d4 Nf6 3.Nc3 e5 4.Nf3 exd4 5.Qxd4 a6 6.Bg5 Nc6 7.Qd2 h6 8.Bf4 g5
9.Bg3 g4 10.Nd4 Nh5 11.O-O-O Bg7 12.Nf5 Bxf5 13.exf5 Qg5 14.Nd5 Qxd2+ 15.Rxd2 Kd7
16.Bh4 Be5 17.Be2 Rag8 18.h3 Nf4 19.hxg4 Nxd5 20.Rxd5 Nd4 21.Bd1 h5 22.Rxe5 dxe5
23.Bf6 Rh7 24.Bxe5 Nc6 25.Bg3 f6 26.gxh5 Ne7 27.Bf3 c6 28.Bf4 Rhh8 29.g4 Rg7
30.Be2 Ng8 31.f3 Ke8 32.Bc4 Nh6 33.Re1+ Re7 34.Be6 Nf7 35.c4 c5 36.Rd1 Kf8
37.Rd5 b6 38.Kc2 Kg7 39.a3 Ng5 40.Bxg5 fxg5 41.Rd6 Rb8 42.f4 gxf4 43.g5 Rc7
44.Bd5 Re8 45.f6+ Kh7 46.g6+ Kh6 47.g7  1-0

[Event "10th EICC"]
[Site "Budva MNE"]
[Date "2009.03.15"]
[Round "9"]
[White "Berke,A"]
[Black "Todorovic,GN"]
[Result "0-1"]
[WhiteElo "2081"]
[BlackElo "2389"]

1.e4 d6 2.d4 Nf6 3.Nc3 c6 4.Nf3 Bg4 5.Be2 e6 6.O-O Be7 7.Re1 d5 8.exd5 cxd5
9.Ne5 Bxe2 10.Qxe2 O-O 11.Bf4 Qb6 12.Qb5 Qxb5 13.Nxb5 a6 14.Nc3 Rc8 15.a3 Nc6
16.Ne2 Nxe5 17.dxe5 Ne4 18.c3 Bc5 19.Bg3 Ba7 20.Rad1 Rc4 21.Kf1 Rac8 22.f3 Nxg3+
23.Nxg3 b5 24.Ne2 g5 25.Rd3 a5 26.b3 R4c6 27.Nd4 Bxd4 28.cxd4 Rc1 29.Rxc1 Rxc1+
30.Kf2 Ra1 31.a4 bxa4 32.bxa4 Rxa4 33.Ke3 Ra2 34.g4 a4 35.Rd2 Ra1 36.h4 Ra3+
37.Kf2 gxh4 38.f4 Rh3 39.Rd1 a3 40.f5 a2 41.f6 Ra3 42.Rc1 h5  0-1

[Event "10th EICC"]
[Site "Budva MNE"]
[Date "2009.03.15"]
[Round "9"]
[White "Papp,P"]
[Black "Chapman,T"]
[Result "1/2-1/2"]
[WhiteElo "2134"]
[BlackElo "2251"]

1.e4 d6 2.d4 Nf6 3.Nc3 c6 4.f4 Qa5 5.Bd3 e5 6.Nf3 Nbd7 7.fxe5 dxe5 8.O-O Be7
9.Kh1 O-O 10.Be3 Ng4 11.Bg1 g6 12.Qe1 exd4 13.Nd5 Bd8 14.Ne7+ Kg7 15.Bxd4+ f6
16.Qxa5 Bxa5 17.h3 Nge5 18.Nxe5 fxe5 19.Be3 Bb6 20.Bg5 Bf2 21.Nxc8 Raxc8
22.Bc4 Rce8 23.Rad1 Nb6 24.Be2 h6 25.Bd2 Rd8 26.Kh2 Bd4 27.b3 Rxf1 28.Rxf1 Bg1+
29.Kxg1 Rxd2 30.Bd3 Nd7 31.b4 b6 32.a3 h5  1/2-1/2

[Event "Copa Ajedrez Plus"]
[Site "Ramos Mejia ARG"]
[Date "2009.03.15"]
[Round "3"]
[White "Barrionuevo,P"]
[Black "Guerrero,Alv"]
[Result "1-0"]
[WhiteElo "2327"]
[BlackElo "2178"]

1.e4 d6 2.d4 Nf6 3.Nc3 e5 4.Nf3 Nbd7 5.Bc4 Be7 6.O-O O-O 7.a4 c6 8.Ba2 b6
9.Re1 a6 10.d5 c5 11.h3 Ne8 12.Bc4 Kh8 13.Be3 g6 14.Bh6 Rg8 15.Bd2 Nf8 16.Qe2 Ra7
17.Reb1 f5 18.b4 Bf6 19.bxc5 bxc5 20.Rb8 Nd7 21.Rb3 Nb6 22.Bd3 c4 23.Bxc4 Nxc4
24.Qxc4 Rc7 25.Qd3 g5 26.exf5 g4 27.Nh2 gxh3 28.Qxh3 Rc4 29.Re1 Ng7 30.Qd3 Rd4
31.Qe2 Bxf5 32.Be3 Rh4 33.Reb1 e4 34.g3 Nh5 35.Rb8 Bc8 36.Nxe4 Be5 37.Ng5 Rxg5
38.Bxg5 Qxg5 39.Rxc8+ Kg7 40.Nf3 Qg4 41.Rc7+ Kh6 42.Rxh7+ Kxh7 43.Qd3+ Kh6
44.Nxh4 Nf4 45.Qf3 Qg5 46.Kf1 Nh5 47.Nf5+ Kg6 48.Rb4 Qxf5 49.Qxf5+ Kxf5 50.g4+ Kg5
51.gxh5 Kxh5 52.f4 Bc3 53.Rb6 a5 54.Rxd6 Kg4 55.Rc6  1-0

[Event "10th EICC w"]
[Site "St Petersburg RUS"]
[Date "2009.03.16"]
[Round "8"]
[White "Baciu,D"]
[Black "Ambartsumova,K"]
[Result "1/2-1/2"]
[WhiteElo "2107"]
[BlackElo "2227"]

1.e4 d6 2.d4 Nf6 3.Nc3 Nbd7 4.h3 e5 5.Nge2 c6 6.a4 Be7 7.Be3 O-O 8.g3 Re8
9.Bg2 b6 10.O-O a6 11.Qd2 Bb7 12.g4 h6 13.Ng3 b5 14.Rad1 Bf8 15.d5 Nb6 16.b3 b4
17.Nce2 cxd5 18.a5 d4 19.Bxd4 exd4 20.axb6 Qxb6 21.Qxd4 Qc5 22.c3 a5 23.Rfe1 Rac8
24.cxb4 axb4 25.e5 Bxg2 26.exf6 Bb7 27.fxg7 Bxg7 28.Qxd6 Qxd6 29.Rxd6 Bf3
30.Kf1 Bf8 31.Rd3 Bb7 32.Ra1 Bg7 33.Ra7 Bc6 34.Nf5 Bb5 35.Re3 Bxe2+ 36.Kxe2 Rc2+
37.Kf3 Rxe3+ 38.fxe3 Rc3 39.Nxg7 Kxg7 40.Rb7 Rxb3 41.Rb6 Rb1 42.Kg2 b3 43.Kh2 b2
44.Kg2 Kf8 45.Rb7 Ke8 46.h4 Kd8 47.Kh2 Kc8 48.Rb4 Kc7 49.Kg2 Kc6 50.g5 h5
51.Rb3 Kd5 52.Rb4 Kc5 53.Rb7 Kc4 54.Rc7+ Kd3 55.Rd7+ Kxe3 56.Re7+ Kd3 57.Rd7+ Ke4
58.Re7+ Kd5 59.Rb7 Kc5 60.Rb3 Kd4 61.Rb7 Ke5 62.Re7+ Kd6 63.Rb7 Ke6 64.Rb6+ Kf5
65.Rb5+ Kf4 66.Rb4+ Ke3 67.Rb3+ Ke4 68.Rb7 Kd5 69.Rb5+ Ke4 70.Rb7 Kd5 71.Rb4 Kc6
72.Rb3 Kc5 73.Rb7  1/2-1/2